000 00191nam a22000857a 4500
003 SGT
245 _aORISSA,PATNA,PUNJAB, & HARYANA
260 _aNAGPUR
_bALL INDIA REPORTER
_c1977
942 _2ddc
_cBV
999 _c13169
_d13169